| 000 | 00895nam a2200241 a 4500 | ||
|---|---|---|---|
| 005 | 20200104041529.0 | ||
| 008 | 140304s2000 -cna fr|||| 000 0 eng d | ||
| 040 |
_aCO-BoIAVH _cCO-BoIAVH |
||
| 041 | 0 | _aspa | |
| 044 | _acn | ||
| 082 | 0 | 4 |
_a338.9 _bP92g |
| 100 | 1 | _aPrescott, Jacques | |
| 245 | 1 | 0 | _aGuía para desarrollar una estrategia de biodiversidad desde una perspectiva de desarrollo sostenible |
| 260 |
_aQuebec : _bIEPF : _bPNUD : _bPNUMA : _bMinistére de I'Environnement du Québec, _c2000. |
||
| 300 |
_a70 páginas : _bIlustraciones ; _c28 x 22 cm. |
||
| 504 | _aIncluye referencia bibliográficas, páginas 69 y 70. | ||
| 650 | 1 | 6 | _aDesarrollo sostenible |
| 650 | 2 | 6 | _aEstrategias nacionales de biodiversidad |
| 650 | 2 | 6 | _aManual de métodos |
| 700 | 1 | _aGauthier, Benoit | |
| 700 | 1 | _aMbongu Sodi, Jonas Nagahuedi | |
| 942 |
_cLIBRO _2ddc |
||
| 999 |
_c2174 _d2174 |
||